| 000 | 00680nam a2200217 i 4500 | ||
|---|---|---|---|
| 001 | C2-0307591 | ||
| 003 | PPAK | ||
| 005 | 20180728094328.0 | ||
| 008 | 110313s2010 my a|||| ||||| | may d | ||
| 040 |
_aPPAK _beng _cPPAK _erda |
||
| 082 | 0 | 4 |
_a499.23 _223 |
| 090 | 0 | 0 |
_a499.23 _bDEW _dKK |
| 245 | 0 | 0 |
_aDewan Bahasa Disember 2010 _bAsmah, tokoh ilmuwan Bahasa Kebangsaan Pertama |
| 264 | 1 |
_aAlor Setar, Kedah : _bBahagian Koleksi Kedah , _c2010 |
|
| 300 |
_a5 pages : _billustrations ; _c30 cm |
||
| 336 |
_2rdacontent _atext |
||
| 337 |
_2rdamedia _aunmediated |
||
| 338 |
_2rdacarrier _avolume |
||
| 500 | _aPetikan dari Majalah Dewan Bahasa Disember 2010 | ||
| 942 |
_ddc _cB |
||
| 999 |
_c110332 _d110332 |
||